Statistics for Cities Visited in Carmen Sandiego on the Map

Click here to take the quiz!

General Stats

  • This quiz has been taken 257 times
  • The average score is 25 of 30

Answers on the Map

Answers color-coded by a green-red scale on the quiz's map according to % correct below.
 

Answer Stats

City% Correct
London
95%
Paris
94%
Rome
94%
Mexico City
93%
New York
93%
Rio de Janeiro
92%
Moscow
91%
Buenos Aires
90%
Cairo
90%
Tokyo
90%
Sydney
89%
Athens
88%
Lima
88%
Peking/Beijing
88%
Istanbul
86%
New Delhi
86%
Oslo
86%
Reykjavik
86%
Montreal
83%
Baghdad
82%
Budapest
81%
Singapore
81%
Bangkok
79%
Kathmandu
76%
Colombo
70%
Port Moresby
68%
San Marino
61%
Bamako
59%
Kigali
54%
Moroni
48%

Score Distribution

Percentile by Number Answered

Percent of People with Each Score

Your Score History

You have not taken this quiz